Seznam organizací resortu hutnictví a strojírenství výrobní hospodářské jednotky a přímo řízené výrobní podniky

Na minha lista:
Detalhes bibliográficos
Formato: Livro
Idioma:tcheco
Publicado em: Praha TES-Ústav techn. a ekonomiky služeb 1971
Assuntos:
Tags: Adicionar Tag
Sem tags, seja o primeiro a adicionar uma tag!

MARC

LEADER 00000nam a2200000 4500
001 c121581
005 20190807124258.0
041 0 |a cze 
044 |a CZ 
245 1 0 |a Seznam organizací resortu hutnictví a strojírenství  |b výrobní hospodářské jednotky a přímo řízené výrobní podniky 
264 1 |a Praha  |b TES-Ústav techn. a ekonomiky služeb  |c 1971 
300 |a S. 99-173 
610 2 0 |a hutníctvo 
610 2 0 |a priemysel strojársky